00687nam a2200241 a 4500001001300000003000900013005001700022008004100039020000900080082001600089100002400105245004800129260003000177300000900207500003500216505001000251650002200261700002400283902000800307942000700315952010800322999001500430nice12345678IN_TiNIC20260116012341.0050524s1988 dela grp 000 0 eng  ac9000a297.7bALA1 aAlavi, S M Ziauddin aMuslim Education Thought in the Middle East aDelhibAtlantic Pubc1988 a118p aincludes index and biblioraphy2 aindex aIslamic-Education1 aAlavi, S M Ziauddin bSRS cBK 00104070aHMIbHMId2007-07-11g90.00l3o297.7 ALA1p014081r2018-03-15s2018-01-17w2026-01-16yEB c6658d6658